01158nam a2200193Ia 4500001001100000003001000011008004100021040002500062041001300087100002000100245007700120250001100197260007200208300002800280500026400308501011400572520026400686650001400950L268-21531IT-CnALBA170116s9999||||xx |||||||||||||| ||und|| aIT-CnALBAcIT-CnALBA aITALIANO aMARTINET, ABATE 0aSOLUZIONE DI GRANDI PROBLEMI ADATTATA ALLA COMUNE INTELLIGENZA. VOL. I.  a1a ed. aPARMAbFIACCADORI PIETRO, TIPOGR. VESC. PARMA'c1863 [1° Ed.:1863] a279 p. (prefazione: 24) aTRADUZIONE DAL FRANCESE, LOBETTI P. UOMO E CRISTIANO. USO DELL'INTELLIGENZA. SOLUZIONI. PANTEISMO. ATEISMO. SOLUZIONE CRISTIANA. ENTITÀ DELL'UOMO. MATERIALISMO. FELICITÀ. FUTURO DELL'UOMO SECONDO IL CRISTIANESIMO. PROGRESSO CRISTIANO E FILOSOFICO. MORALE  aSocietà San Paolo EM - Piazza San Paolo, 14 - 12051 ALBA (CN) (non commercial uses only) ® Copyright 2017 aTRADUZIONE DAL FRANCESE, LOBETTI P. UOMO E CRISTIANO. USO DELL'INTELLIGENZA. SOLUZIONI. PANTEISMO. ATEISMO. SOLUZIONE CRISTIANA. ENTITÀ DELL'UOMO. MATERIALISMO. FELICITÀ. FUTURO DELL'UOMO SECONDO IL CRISTIANESIMO. PROGRESSO CRISTIANO E FILOSOFICO. MORALE  aCATECHESI